Schauspieler an ihre Rollen 2 - Statistiken

Allgemein
  • Dieses Quiz wurde 74 mal gespielt
  • Das Durchschnittsergebnis liegt bei 5 aus 10
Antwortstatistiken
Hint Antwort % Korrekt
Barbie / Harley Quinn / Naomi Lapaglia Margot Robbie
92%
Hugh Glass / Jordan Belfort / Jack Dawson Leonardo DiCaprio
69%
Peter Quill / Owen Grady / Jim Preston Chris Pratt
66%
Tara Carpenter / Wednesday Addams / Cairo Sweet Jenna Ortega
53%
Wanda Maximoff / Elle Brody / Thérèse Raquin Elizabeth Olsen
52%
G’iah / Daenerys Targaryen / Qi’ra Emilia Clarke
45%
Clint Barton / Jerry Pierce / William Brandt Jeremy Renner
44%
Agent Everett Ross / Dr John Watson / Bilbo Beutlin Martin Freeman
44%
Peter Venkman / Lord Krylar / Garfield Bill Murray
21%
Kate Bishop / Emily / Charlie Watson Hailee Steinfeld
18%
Keine übereinstimmenden Quizze gefunden
Verteilung der Resultate
Anzahl Personen mit jedem Resultat
Perzentil nach korrekt beantworteten Fragen
Ihre Resultats-Entwicklung
Sie haben dieses Quiz noch nicht gespielt